| Tag |
First Indicator |
Second Indicator |
Subfields |
| LEADER |
00000cam a2200000 a 4500 |
| 001 |
in00002419086 |
| 005 |
20151111040958.0 |
| 008 |
080925s2009 nju 001 0 eng |
| 010 |
|
|
|a 2008041938
|
| 020 |
|
|
|a 0138158053 (hardback : alk. paper)
|
| 020 |
|
|
|a 9780138158057 (hardback : alk. paper)
|
| 029 |
1 |
|
|a BWX
|b R6777918
|
| 035 |
|
|
|a (OCoLC)ocn258331357
|
| 035 |
|
|
|a (OCoLC)258331357
|
| 040 |
|
|
|a DLC
|c DLC
|d BTCTA
|d YDXCP
|d C#P
|d BWX
|d UtOrBLW
|
| 049 |
|
|
|a TXAM
|
| 050 |
0 |
0 |
|a HD58.7
|b .E436 2009
|
| 082 |
0 |
0 |
|a 658.3/14
|2 22
|
| 090 |
|
|
|a HD58.7
|b .E436 2009b
|
| 100 |
1 |
|
|a Emmerich, Roxanne,
|d 1959-
|
| 245 |
1 |
0 |
|a Thank God it's Monday! :
|b how to create a workplace you and your customers love /
|c Roxanne Emmerich.
|
| 264 |
|
1 |
|a Upper Saddle River, N.J. :
|b FT Press,
|c [2009]
|
| 264 |
|
4 |
|c ©2009
|
| 300 |
|
|
|a xiii, 176 pages ;
|c 22 cm.
|
| 336 |
|
|
|a text
|b txt
|2 rdacontent
|
| 337 |
|
|
|a unmediated
|b n
|2 rdamedia
|
| 338 |
|
|
|a volume
|b nc
|2 rdacarrier
|
| 500 |
|
|
|a Includes index.
|
| 650 |
|
0 |
|a Organizational behavior.
|
| 650 |
|
0 |
|a Business.
|
| 650 |
|
0 |
|a Organizational effectiveness.
|
| 650 |
|
0 |
|a Employee morale.
|
| 650 |
|
0 |
|a Consumer satisfaction.
|
| 938 |
|
|
|a Baker and Taylor
|b BTCP
|n BK0008187077
|
| 938 |
|
|
|a YBP Library Services
|b YANK
|n 2972433
|
| 938 |
|
|
|a Blackwell Book Service
|b BBUS
|n R6777918
|c $19.99
|
| 948 |
|
|
|a cataloged
|b h
|c 2009/7/7
|d c
|e ceaton
|f 9:01:45 am
|
| 994 |
|
|
|a C0
|b TXA
|
| 999 |
|
|
|a MARS
|
| 999 |
f |
f |
|s 4241c2e3-34c1-306c-a3e3-1a660f6626c2
|i fd84f351-5a68-3bf4-87dd-04ef4180ab7a
|t 0
|
| 952 |
f |
f |
|p ric
|a Texas A&M University
|b Rellis Campus
|c Joint Library Facility
|d Remote Storage
|t 0
|e HD58.7 .E436 2009b
|h Library of Congress classification
|i unmediated -- volume
|m A14836945714
|
| 998 |
f |
f |
|a HD58.7 .E436 2009b
|t 0
|l Remote Storage
|